[Event "GER-ch U10"]
[Site "Winterberg"]
[Date "2002.05.25"]
[Round "11"]
[White "Denkert, Maja"]
[Black "Mousa Kazemi, Hamed"]
[Result "1-0"]
[WhiteElo "557"]
[BlackElo "835"]
[PlyCount "167"]
[EventDate "2002.05.19"]
[EventType "swiss"]
[EventRounds "11"]
[EventCountry "GER"]
[SourceTitle "CBM 088 Extra"]
[Source "ChessBase"]
[SourceDate "2002.07.01"]
[SourceVersion "2"]
[SourceVersionDate "2002.07.01"]
[SourceQuality "1"]

1. e4 e5 2. Nf3 Nc6 3. Bc4 Bc5 4. Nc3 d6 5. d3 Nf6 6. h3 h6 7. Qe2 0-0 8. Be3 Bb6 9. Ng5 hxg5 10. Bxg5 Be6 11. Bd5 Qe7 12. Qh5 Ba5 13. Bxe6 Nxh5 14. Bxe7 Nxe7 15. Bg4 Bxc3+ 16. bxc3 Nf4 17. 0-0 d5 18. Rab1 b6 19. Rb5 c6 20. Rb4 c5 21. Rb2 f5 22. exf5 Nxf5 23. Re1 Rae8 24. g3 Ng6 25. Bh5 Re6 26. Bg4 e4 27. Kf1 Rff6 28. Rbb1 Ne5 29. dxe4 dxe4 30. Bxf5 Rxf5 31. Rxe4 Kf7 32. Rf4 Rxf4 33. gxf4 Nf3 34. Rd1 Ke7 35. Rd3 Re1+ 36. Kg2 Nh4+ 37. Kg3 Nf5+ 38. Kg4 g6 39. Rd5 Rg1+ 40. Kf3 Nh4+ 41. Ke2 Rh1 42. Re5+ Kf6 43. c4 Rxh3 44. Re3 Rxe3+ 45. fxe3 g5 46. fxg5+ Kxg5 47. Kd3 Nf3 48. a4 Ne5+ 49. Ke4 Nxc4 50. c3 Nd6+ 51. Ke5 Nc4+ 52. Ke4 Nd2+ 53. Kd3 Nf3 54. Ke4 Kg4 55. Kd5 Kf5 56. e4+ Kf6 57. Kc6 Ne5+ 58. Kb7 c4 59. Kxa7 Kg5 60. Kxb6 Kf4 61. a5 Nd7+ 62. Ka7 Nc5 63. a6 Nxa6 64. Kxa6 Kxe4 65. Kb5 Kd3 66. Kb4 Kd2 67. Kxc4 Ke3 68. Kd5 Kd3 69. c4 Kc3 70. c5 Kb4 71. c6 Kb5 72. c7 Kb6 73. c8R Kb7 74. Rc1 Kb6 75. Rc2 Kb5 76. Rb2+ Ka4 77. Kc4 Ka5 78. Rb8 Ka6 79. Kc5 Ka7 80. Rb1 Ka6 81. Rb2 Ka7 82. Kc6 Ka8 83. Kc7 Ka7 84. Ra2# 1-0

[Event "GER-ch U10"]
[Site "Winterberg"]
[Date "2002.05.24"]
[Round "10"]
[White "Boos, Philipp"]
[Black "Denkert, Maja"]
[Result "1-0"]
[WhiteElo "995"]
[BlackElo "557"]
[PlyCount "45"]
[EventDate "2002.05.19"]
[EventType "swiss"]
[EventRounds "11"]
[EventCountry "GER"]
[SourceTitle "CBM 088 Extra"]
[Source "ChessBase"]
[SourceDate "2002.07.01"]
[SourceVersion "2"]
[SourceVersionDate "2002.07.01"]
[SourceQuality "1"]

1. e4 e5 2. Nf3 Nc6 3. Bc4 Be7 4. Nc3 Nf6 5. d3 d6 6. h3 h6 7. Be3 0-0 8. Qd2 a6 9. 0-0-0 b5 10. Bb3 Bb7 11. a3 Na5 12. Ba2 d5 13. Nxd5 Nc6 14. Nxe7+ Qxe7 15. Bxh6 gxh6 16. Qxh6 Nh7 17. g4 b4 18. axb4 Nxb4 19. Bb3 a5 20. g5 a4 21. g6 Nf6 22. gxf7+ Rxf7 23. Rhg1+ 1-0